000 00511nam a2200145 i 4500
001 43105
003 ES-MaACL
005 20230906160732.0
007 t|
008 030314s1922 it ||||1| ita d
245 0 0 _aCento libri preziosi
_b: manoscritti miniati, incunabuli, libri figurati dei secoli 16.-17. e 18., esemplari unici, descritti e illustrati da facsimili in nero e in colore.
260 _aMilano :
_b[s.n.],
_c1922 (
_fUmberto Allegretti)
300 _a160 p. ;
_c25 cm.
852 _aES-MaACL
_jF-303
999 _c43105
_d43105